Statistics for GTA V & GTA Online Cars 2022 (Part 3)

Click here to take the quiz!

General Stats

  • This quiz has been taken 68 times
    (36 since last reset)
  • The average score is 19 of 41

Answer Stats

Answer% Correct
Jester
83%
Jester Classic
83%
Jester Racecar
83%
Jester RR
83%
Blista
61%
Blista Compact
61%
Blista Kanjo
61%
Huntley S
61%
Massacro
61%
Massacro Racecar
61%
Rapid GT
61%
Rapid GT Classic
61%
FQ 2
56%
Paragon R
50%
Super Diamond
50%
Windsor
50%
Windsor Drop
50%
Exemplar
44%
Landstalker
44%
Landstalker XL
44%
Vagner
44%
Champion
39%
Cognoscenti
39%
Cognoscenti 55
39%
Cognoscenti Cabrio
39%
Deity
39%
ETR1
39%
JB 700
39%
JB 700W
39%
Regina
39%
Seven-70
39%
Sugoi
39%
Jubilee
33%
RT3000
33%
Specter
33%
Specter Custom
33%
Vectre
28%
Habanero
22%
Virgo Classic
22%
Virgo Classic Custom
22%
Safford
11%

Score Distribution

Percentile by Number Answered

Percent of People with Each Score

Your Score History

You have not taken this quiz since the last reset